[Event "43. Olimpiada Batumi 2018 Femenina"]
[Site "Batumi GEO"]
[Date "2018.09.25"]
[Round "2.2"]
[White "Melnik, Galina"]
[Black "Hoareau, Rachelle"]
[Result "1-0"]
[WhiteElo "1872"]
[BlackElo "1467"]
[PlyCount "79"]
[EventDate "2018.09.24"]
[EventType "team-swiss"]
[EventRounds "11"]
[EventCountry "GEO"]
[SourceTitle "Ajedrez en Madrid"]
[Source "lmi"]
[SourceDate "2018.09.24"]
[WhiteTeam "IPCA"]
[BlackTeam "Seychelles"]
[BlackTeamCountry "SEY"]

1. d4 d5 2. Nf3 Nf6 3. c4 e6 4. Nc3 Bb4 5. Qa4+ Nc6 6. e3 Bd7 7. Qc2 Ne4 8. Bd3
Nxc3 9. bxc3 Be7 10. O-O b6 11. e4 O-O 12. exd5 Na5 13. Bxh7+ Kh8 14. Ne5 f5
15. Bg6 Be8 16. Qe2 Bxg6 17. Nxg6+ Kg8 18. Nxf8 Qxf8 19. Qxe6+ Kh7 20. Re1 Re8
21. c5 Nc4 22. d6 cxd6 23. Qxc4 Bf6 24. Rxe8 Qxe8 25. Be3 dxc5 26. dxc5 bxc5
27. Qxc5 Qe4 28. Bd4 Bxd4 29. cxd4 Qd3 30. d5 f4 31. Rc1 Qd2 32. Qc2+ Qxc2 33.
Rxc2 Kg8 34. d6 Kf8 35. Re2 f3 36. Re3 fxg2 37. d7 Kf7 38. d8=Q Kg6 39. Qe8+
Kh6 40. Rg3 1-0

[Event "43. Olimpiada Batumi 2018 Femenina"]
[Site "Batumi GEO"]
[Date "2018.09.25"]
[Round "2.3"]
[White "Figaro, Dericka"]
[Black "Aleksandrova, Aleksandra"]
[Result "0-1"]
[WhiteElo "1671"]
[BlackElo "1801"]
[PlyCount "90"]
[EventDate "2018.09.24"]
[EventType "team-swiss"]
[EventRounds "11"]
[EventCountry "GEO"]
[SourceTitle "Ajedrez en Madrid"]
[Source "lmi"]
[SourceDate "2018.09.24"]
[WhiteTeam "Seychelles"]
[BlackTeam "IPCA"]
[WhiteTeamCountry "SEY"]

1. d4 d5 2. c4 e6 3. Nf3 Nd7 4. Nc3 c6 5. Bf4 dxc4 6. e4 Ngf6 7. Bxc4 Bb4 8.
Qc2 Qa5 9. Bd2 e5 10. d5 Qc5 11. Bb3 O-O 12. O-O Qe7 13. dxc6 bxc6 14. a3 Ba5
15. Rfe1 Ba6 16. Ba2 Bb6 17. Rac1 Nc5 18. Na4 Nd3 19. Nxb6 axb6 20. Qxc6 Nxe1
21. Bb4 Nxf3+ 22. gxf3 Qb7 23. Bxf8 Rxf8 24. Qxb7 Bxb7 25. Rc7 Ba6 26. Ra7 Be2
27. Kg2 Nh5 28. Rb7 b5 29. Rc7 Nf4+ 30. Kg3 h6 31. Rc5 Re8 32. Rc7 Ne6 33. Rc2
Nd4 34. Rc7 Rf8 35. f4 exf4+ 36. Kxf4 Ne6+ 37. Bxe6 fxe6+ 38. Ke3 Bd1 39. h4
Rf3+ 40. Kd2 Ba4 41. Ke2 Rb3 42. f4 Rxb2+ 43. Kf3 Rb3+ 44. Kg4 Rxa3 45. Re7
Bd1# 0-1

[Event "43. Olimpiada Batumi 2018 Femenina"]
[Site "Batumi GEO"]
[Date "2018.09.25"]
[Round "2.1"]
[White "Zsiltzova-Lisenko, Lubov"]
[Black "Lujan, Carolina"]
[Result "0-1"]
[WhiteElo "2214"]
[BlackElo "2350"]
[PlyCount "54"]
[EventDate "2018.09.24"]
[EventType "team-swiss"]
[EventRounds "11"]
[EventCountry "GEO"]
[SourceTitle "Ajedrez en Madrid"]
[Source "lmi"]
[SourceDate "2018.09.24"]
[WhiteTeam "IBCA"]
[BlackTeam "Argentina"]
[BlackTeamCountry "ARG"]

1. e4 d6 2. d4 Nf6 3. Nc3 g6 4. f4 Bg7 5. Nf3 O-O 6. Bd3 Na6 7. O-O c5 8. d5
Bg4 9. Kh1 Rb8 10. h3 Bxf3 11. Qxf3 Nb4 12. a3 Nxd3 13. cxd3 Nd7 14. Bd2 b5 15.
b4 a5 16. bxa5 b4 17. axb4 cxb4 18. Ne2 Bxa1 19. Rxa1 Rb5 20. Nd4 Rxa5 21. Rb1
Nb8 22. Bxb4 Qb6 23. Qd1 Ra2 24. Bc3 Qc5 25. Bb2 Rxb2 26. Rxb2 Qxd4 27. Rb7 Na6
0-1

[Event "43. Olimpiada Batumi 2018 Femenina"]
[Site "Batumi GEO"]
[Date "2018.09.25"]
[Round "2.2"]
[White "Amura, Claudia"]
[Black "Stolarczyk, Anna"]
[Result "1-0"]
[WhiteElo "2249"]
[BlackElo "1984"]
[PlyCount "105"]
[EventDate "2018.09.24"]
[EventType "team-swiss"]
[EventRounds "11"]
[EventCountry "GEO"]
[SourceTitle "Ajedrez en Madrid"]
[Source "lmi"]
[SourceDate "2018.09.24"]
[WhiteTeam "Argentina"]
[BlackTeam "IBCA"]
[WhiteTeamCountry "ARG"]

1. d4 d5 2. c4 e6 3. Nf3 c6 4. e3 Nf6 5. Bd3 dxc4 6. Bxc4 Nbd7 7. O-O b5 8. Bd3
Bb7 9. e4 Qc7 10. Nbd2 a6 11. a4 b4 12. Re1 c5 13. d5 e5 14. a5 Bd6 15. Nc4 O-O
16. h3 Ne8 17. Nh4 g6 18. Bh6 Ng7 19. g4 Rfd8 20. Qf3 Ne8 21. Qg3 Bf8 22. Bd2
Bg7 23. Nf3 h6 24. Qh4 g5 25. Qg3 f6 26. h4 Nd6 27. Nxd6 Qxd6 28. Bc4 Nf8 29.
h5 Bc8 30. Be3 Bd7 31. Rec1 Rac8 32. Ne1 Bb5 33. f3 Nd7 34. Qf2 Bf8 35. Nd3 Rc7
36. Qe2 Rb8 37. b3 Be7 38. Nf2 Bf8 39. Nh1 Kh7 40. Ng3 Qe7 41. Qf2 Qd8 42. Nf5
Bxc4 43. Rxc4 Rb5 44. d6 Rc6 45. Qd2 Nb8 46. Qd5 Qd7 47. Rac1 Rxa5 48. Rxc5
Raxc5 49. Rxc5 Rxc5 50. Bxc5 Nc6 51. Ne7 Bxe7 52. Qf7+ Kh8 53. dxe7 1-0

[Event "43. Olimpiada Batumi 2018 Femenina"]
[Site "Batumi GEO"]
[Date "2018.09.25"]
[Round "2.3"]
[White "Debowska, Teresa"]
[Black "Martinez, Ayelen"]
[Result "0-1"]
[WhiteElo "1799"]
[BlackElo "2215"]
[PlyCount "60"]
[EventDate "2018.09.24"]
[EventType "team-swiss"]
[EventRounds "11"]
[EventCountry "GEO"]
[SourceTitle "Ajedrez en Madrid"]
[Source "lmi"]
[SourceDate "2018.09.24"]
[WhiteTeam "IBCA"]
[BlackTeam "Argentina"]
[BlackTeamCountry "ARG"]

1. e4 c5 2. Ne2 Nc6 3. Nbc3 g6 4. g3 Bg7 5. Bg2 Nf6 6. O-O O-O 7. f4 d6 8. h3
Rb8 9. d3 Nd7 10. Be3 Nd4 11. Bf2 Nxe2+ 12. Qxe2 b5 13. g4 b4 14. Nd1 a5 15. e5
dxe5 16. fxe5 Bxe5 17. Bxc5 Bxb2 18. Nxb2 Nxc5 19. Qe5 Nd7 20. Qe3 Bb7 21. Nc4
Bxg2 22. Kxg2 Nb6 23. Ne5 Qd5+ 24. Nf3 Qb7 25. Rf2 Nd5 26. Qh6 f6 27. h4 e5 28.
Qd2 Rbc8 29. a3 Rxc2 30. Qe1 Nf4+ 0-1

[Event "43. Olimpiada Batumi 2018 Femenina"]
[Site "Batumi GEO"]
[Date "2018.09.25"]
[Round "2.4"]
[White "Zuriel, Marisa"]
[Black "Zarubinskaya, Irina"]
[Result "1-0"]
[WhiteElo "2186"]
[BlackElo "1772"]
[PlyCount "41"]
[EventDate "2018.09.24"]
[EventType "team-swiss"]
[EventRounds "11"]
[EventCountry "GEO"]
[SourceTitle "Ajedrez en Madrid"]
[Source "lmi"]
[SourceDate "2018.09.24"]
[WhiteTeam "Argentina"]
[BlackTeam "IBCA"]
[WhiteTeamCountry "ARG"]

1. e4 c5 2. Nf3 e6 3. d4 cxd4 4. Nxd4 Nf6 5. Nc3 Bb4 6. e5 Qa5 7. exf6 Bxc3+ 8.
bxc3 Qxc3+ 9. Qd2 Qxa1 10. fxg7 Rg8 11. c3 Qb1 12. Bd3 Qb6 13. Qh6 Qc5 14. O-O
Qe5 15. Bxh7 Qxg7 16. Bxg8 Qxg8 17. Nb5 Na6 18. Qf6 Qg6 19. Nd6+ Kf8 20. Qh8+
Ke7 21. Nxc8+ 1-0

[Event "43. Olimpiada Batumi 2018 Femenina"]
[Site "Batumi GEO"]
[Date "2018.09.25"]
[Round "2.1"]
[White "Socko, Monika"]
[Black "Heredia Serrano, Carla"]
[Result "1/2-1/2"]
[WhiteElo "2446"]
[BlackElo "2159"]
[PlyCount "123"]
[EventDate "2018.09.24"]
[EventType "team-swiss"]
[EventRounds "11"]
[EventCountry "GEO"]
[SourceTitle "Ajedrez en Madrid"]
[Source "lmi"]
[SourceDate "2018.09.24"]
[WhiteTeam "Poland"]
[BlackTeam "Ecuador"]
[WhiteTeamCountry "POL"]
[BlackTeamCountry "ECU"]

1. e4 c6 2. d4 d5 3. e5 c5 4. dxc5 e6 5. a3 Nc6 6. Nf3 Bxc5 7. b4 Bb6 8. Bd3
Nge7 9. O-O Ng6 10. Bb2 Nf4 11. Re1 Nxd3 12. Qxd3 O-O 13. Nbd2 Bd7 14. c4 dxc4
15. Nxc4 Ne7 16. Nd6 Bc6 17. Rad1 h6 18. Qc3 Bd5 19. a4 Qc7 20. Qd3 Bxf3 21.
Qxf3 Qc2 22. Bd4 Qxa4 23. Bxb6 axb6 24. Rd4 Qa3 25. Qd1 Nd5 26. Rg4 Qb2 27. h3
Ra2 28. Qf3 Qc3 29. Qxc3 Nxc3 30. Rc4 Nd5 31. Nxb7 Rb2 32. Rec1 Rxb4 33. Rc8
Rxc8 34. Rxc8+ Kh7 35. Nd6 Rb1+ 36. Kh2 Kg6 37. Rg8 Ne7 38. Rf8 f6 39. exf6
gxf6 40. Re8 Rd1 41. Nc4 b5 42. Rxe7 bxc4 43. Rxe6 Kf5 44. Rc6 Rc1 45. g4+ Ke5
46. f4+ Kxf4 47. Rxf6+ Kg5 48. Rf5+ Kg6 49. Rc5 c3 50. Kg3 c2 51. Rc6+ Kg7 52.
Kh4 Kf7 53. Rc5 Kg6 54. Rc3 Kf6 55. Rc7 Kg6 56. Rc5 Kf6 57. Rf5+ Kg6 58. Rf2
Kg7 59. Rd2 Kf6 60. Rd6+ Kg7 61. Rc6 Kf7 62. Rc7+ 1/2-1/2

[Event "43. Olimpiada Batumi 2018 Femenina"]
[Site "Batumi GEO"]
[Date "2018.09.25"]
[Round "2.2"]
[White "Ortiz Verdesoto, Anahi"]
[Black "Szczepkowska, Karina"]
[Result "0-1"]
[WhiteElo "1954"]
[BlackElo "2407"]
[PlyCount "66"]
[EventDate "2018.09.24"]
[EventType "team-swiss"]
[EventRounds "11"]
[EventCountry "GEO"]
[SourceTitle "Ajedrez en Madrid"]
[Source "lmi"]
[SourceDate "2018.09.24"]
[WhiteTeam "Ecuador"]
[BlackTeam "Poland"]
[WhiteTeamCountry "ECU"]
[BlackTeamCountry "POL"]

1. d4 Nf6 2. c4 e6 3. Nf3 Bb4+ 4. Bd2 Qe7 5. e3 b6 6. Be2 Bb7 7. O-O Bxd2 8.
Qxd2 O-O 9. Nc3 d6 10. Qc2 Nbd7 11. Rad1 d5 12. Ne5 dxc4 13. Nxc4 c5 14. dxc5
Qxc5 15. e4 Qg5 16. Nd6 Bc6 17. b4 Rad8 18. f4 Qh6 19. Rd3 g6 20. Rh3 Qg7 21.
e5 Ne8 22. Nce4 Bd5 23. Qa4 Nxd6 24. Nxd6 Nxe5 25. fxe5 Qxe5 26. Nxf7 Qxe2 27.
Rf2 Qe1+ 28. Rf1 Qd2 29. Rf2 Qc1+ 30. Rf1 Qb2 31. Rf2 Qa1+ 32. Rf1 Qd4+ 33. Kh1
Rxf7 0-1

[Event "43. Olimpiada Batumi 2018 Femenina"]
[Site "Batumi GEO"]
[Date "2018.09.25"]
[Round "2.3"]
[White "Kulon, Klaudia"]
[Black "Romero Echeverria, Abigail"]
[Result "1-0"]
[WhiteElo "2347"]
[BlackElo "2034"]
[PlyCount "153"]
[EventDate "2018.09.24"]
[EventType "team-swiss"]
[EventRounds "11"]
[EventCountry "GEO"]
[SourceTitle "Ajedrez en Madrid"]
[Source "lmi"]
[SourceDate "2018.09.24"]
[WhiteTeam "Poland"]
[BlackTeam "Ecuador"]
[WhiteTeamCountry "POL"]
[BlackTeamCountry "ECU"]

1. c4 Nf6 2. g3 g6 3. Bg2 d5 4. cxd5 Nxd5 5. Nc3 Nb6 6. d4 Bg7 7. Nf3 O-O 8.
O-O c6 9. h3 N8d7 10. e4 e5 11. Bg5 f6 12. Be3 Kh8 13. Qe2 exd4 14. Nxd4 Ne5
15. f4 Nf7 16. a4 c5 17. Nb3 Be6 18. Rfd1 Qc8 19. Nxc5 Bxh3 20. f5 Bxg2 21.
Kxg2 gxf5 22. a5 f4 23. gxf4 Rg8 24. Kf2 Bf8 25. Qh5 Nc4 26. Rh1 Nh6 27. Bd4
Ne5 28. fxe5 Bxc5 29. Bxc5 Qxc5+ 30. Kf3 Rg6 31. e6 Qd6 32. Rag1 Qd3+ 33. Kf2
Qd4+ 34. Kf1 Rag8 35. Rxg6 Rxg6 36. e7 Qd3+ 37. Qe2 Qd7 38. Nd5 Ng8 39. Nf4 Rg7
40. e5 Qxe7 41. Qc2 Qd7 42. e6 Qb5+ 43. Kf2 Qg5 44. Qe4 f5 45. Qe5 Nf6 46. e7
Ne8 47. Rh5 Qf6 48. Rxf5 Qxe7 49. Ne6 Qh4+ 50. Ke2 Qg4+ 51. Kd2 Qb4+ 52. Kc1
Qc4+ 53. Kb1 Qd3+ 54. Ka2 Qc4+ 55. Ka3 Qd3+ 56. b3 Qd6+ 57. Qxd6 Nxd6 58. Nxg7
Nxf5 59. Nxf5 Kg8 60. Kb4 Kf7 61. Kc5 Ke6 62. Ng3 Ke5 63. b4 Ke6 64. Kd4 Kd6
65. b5 Ke6 66. Nh5 Kd6 67. Ng7 a6 68. Ne8+ Ke7 69. bxa6 bxa6 70. Nc7 Kd6 71.
Nxa6 h5 72. Nb4 h4 73. Ke3 Kc5 74. a6 Kb6 75. Kf3 Ka7 76. Kg4 Kb6 77. Kxh4 1-0

[Event "43. Olimpiada Batumi 2018 Femenina"]
[Site "Batumi GEO"]
[Date "2018.09.25"]
[Round "2.4"]
[White "Sarmiento Robles, Paula"]
[Black "Warakomska, Anna"]
[Result "0-1"]
[WhiteElo "1750"]
[BlackElo "2305"]
[PlyCount "112"]
[EventDate "2018.09.24"]
[EventType "team-swiss"]
[EventRounds "11"]
[EventCountry "GEO"]
[SourceTitle "Ajedrez en Madrid"]
[Source "lmi"]
[SourceDate "2018.09.24"]
[WhiteTeam "Ecuador"]
[BlackTeam "Poland"]
[WhiteTeamCountry "ECU"]
[BlackTeamCountry "POL"]

1. d4 d5 2. c4 e6 3. Nc3 c6 4. cxd5 exd5 5. Bf4 Bd6 6. Bxd6 Qxd6 7. e3 Bf5 8.
Bd3 Ne7 9. Nf3 Nd7 10. O-O O-O 11. Qc2 g6 12. a3 Rfe8 13. b4 b5 14. Bxf5 Nxf5
15. Rfd1 a5 16. bxa5 Rxa5 17. e4 dxe4 18. Nxe4 Qd5 19. Nc3 Qc4 20. Nd2 Qe6 21.
Nf3 Nf6 22. Qd2 Rea8 23. d5 cxd5 24. Nxd5 Nxd5 25. Qxd5 Qxd5 26. Rxd5 Rxa3 27.
Rb1 b4 28. h3 Ra1 29. Rxa1 Rxa1+ 30. Kh2 Ra2 31. Rb5 Rb2 32. Ne5 Rxf2 33. Rxb4
Ne3 34. Kg3 Rf5 35. Nf3 Kg7 36. Kf2 Nd1+ 37. Kg3 Nc3 38. Kf2 Ra5 39. Rb7 Ra2+
40. Kf1 Nd5 41. Ng5 Ne3+ 42. Ke1 Nxg2+ 43. Kf1 Ne3+ 44. Ke1 Kh6 45. Nxf7+ Kh5
46. Ne5 h6 47. Rb5 g5 48. Nf7 Ra7 49. Nd6 Ra6 50. Ne4 Kh4 51. Rb3 Ng2+ 52. Kd2
Ra2+ 53. Kd1 Nf4 54. Rb6 h5 55. Rb4 Rh2 56. Rb5 Nxh3 0-1

[Event "43. Olimpiada Batumi 2018 Femenina"]
[Site "Batumi GEO"]
[Date "2018.09.25"]
[Round "2.1"]
[White "Aghabekian, Liana"]
[Black "Zatonskih, Anna"]
[Result "0-1"]
[WhiteElo "2188"]
[BlackElo "2431"]
[PlyCount "64"]
[EventDate "2018.09.24"]
[EventType "team-swiss"]
[EventRounds "11"]
[EventCountry "GEO"]
[SourceTitle "Ajedrez en Madrid"]
[Source "lmi"]
[SourceDate "2018.09.24"]
[WhiteTeam "Luxembourg"]
[BlackTeam "United States of America"]
[WhiteTeamCountry "LUX"]

1. e4 e6 2. d3 d5 3. Nd2 Nf6 4. Ngf3 Nc6 5. c3 e5 6. g3 Be7 7. Bg2 O-O 8. O-O
Re8 9. Qc2 a5 10. Re1 Bd6 11. Nh4 Be6 12. Nf1 h6 13. Ne3 Bf8 14. exd5 Nxd5 15.
Nc4 Qf6 16. a4 Rad8 17. Nf3 Ndb4 18. cxb4 Nxb4 19. Qe2 Nxd3 20. Ncxe5 Bf5 21.
Bf4 g5 22. Bd2 g4 23. Nxg4 Bxg4 24. Qxe8 Rxe8 25. Rxe8 Bxf3 26. Bxf3 Qxf3 27.
Rf1 Qc6 28. Re3 Nxf2 29. Rxf2 Bc5 30. Rf4 Qb6 31. Rfe4 Qxb2 32. Bxa5 Qe2 0-1

[Event "43. Olimpiada Batumi 2018 Femenina"]
[Site "Batumi GEO"]
[Date "2018.09.25"]
[Round "2.2"]
[White "Krush, Irina"]
[Black "Steil-Antoni, Fiona"]
[Result "1-0"]
[WhiteElo "2423"]
[BlackElo "2143"]
[PlyCount "85"]
[EventDate "2018.09.24"]
[EventType "team-swiss"]
[EventRounds "11"]
[EventCountry "GEO"]
[SourceTitle "Ajedrez en Madrid"]
[Source "lmi"]
[SourceDate "2018.09.24"]
[WhiteTeam "United States of America"]
[BlackTeam "Luxembourg"]
[BlackTeamCountry "LUX"]

1. d4 e6 2. c4 f5 3. g3 Nf6 4. Bg2 Be7 5. Nd2 O-O 6. e4 fxe4 7. Nxe4 Nxe4 8.
Bxe4 Bb4+ 9. Bd2 Bxd2+ 10. Qxd2 Qf6 11. f4 Nc6 12. Nf3 d6 13. O-O Bd7 14. Rae1
Rae8 15. b4 a6 16. a3 Nd8 17. Ng5 g6 18. h4 h6 19. Nf3 Bc6 20. Kg2 Kg7 21. Bxc6
Nxc6 22. Rf2 Re7 23. Re3 Rfe8 24. Rfe2 Nd8 25. Qe1 Nc6 26. Qc3 Kf7 27. a4 b6
28. b5 axb5 29. cxb5 Na5 30. Qc1 Qf5 31. Rc3 Rc8 32. Rec2 c5 33. bxc6 Rec7 34.
d5 exd5 35. Kh2 Qe4 36. f5 Kg7 37. Re3 Qxf5 38. Nd4 Qg4 39. Ne6+ Kh7 40. Nxc7
Rxc7 41. Qe1 Qxa4 42. Re7+ Kh8 43. Rf2 1-0

[Event "43. Olimpiada Batumi 2018 Femenina"]
[Site "Batumi GEO"]
[Date "2018.09.25"]
[Round "2.3"]
[White "Bakalarz, Grazyna"]
[Black "Abrahamyan, Tatev"]
[Result "0-1"]
[WhiteElo "1849"]
[BlackElo "2361"]
[PlyCount "84"]
[EventDate "2018.09.24"]
[EventType "team-swiss"]
[EventRounds "11"]
[EventCountry "GEO"]
[SourceTitle "Ajedrez en Madrid"]
[Source "lmi"]
[SourceDate "2018.09.24"]
[WhiteTeam "Luxembourg"]
[BlackTeam "United States of America"]
[WhiteTeamCountry "LUX"]

1. d4 Nf6 2. c4 e6 3. Nf3 b6 4. Nc3 Bb4 5. Qc2 Bb7 6. a3 Bxc3+ 7. Qxc3 O-O 8.
g3 d6 9. Bg2 Nbd7 10. O-O Qe7 11. b4 c5 12. Bb2 cxd4 13. Qxd4 Rfd8 14. Qh4 Rac8
15. Rac1 Rc7 16. Nd4 Bxg2 17. Kxg2 a6 18. b5 Nb8 19. bxa6 Nxa6 20. Nb5 Rc6 21.
Rfd1 e5 22. f3 Nc5 23. Qg5 Nb3 24. Rc2 Na5 25. c5 bxc5 26. Qe3 h6 27. Qc3 Nb7
28. e4 Ra8 29. Rcd2 Rb6 30. Qc4 Qe6 31. Qe2 Qb3 32. Nc7 Rc8 33. Nd5 Nxd5 34.
exd5 Na5 35. Bc1 Qb5 36. Qe1 Nb3 37. Rb2 Qa6 38. Be3 Qxa3 39. Rdb1 Rb5 40. Qd1
c4 41. Bc1 Qc5 42. Qc2 Rcb8 0-1

[Event "43. Olimpiada Batumi 2018 Femenina"]
[Site "Batumi GEO"]
[Date "2018.09.25"]
[Round "2.4"]
[White "Yu, Jennifer"]
[Black "Blond Hanten, Elsa"]
[Result "1-0"]
[WhiteElo "2268"]
[BlackElo "1635"]
[PlyCount "45"]
[EventDate "2018.09.24"]
[EventType "team-swiss"]
[EventRounds "11"]
[EventCountry "GEO"]
[SourceTitle "Ajedrez en Madrid"]
[Source "lmi"]
[SourceDate "2018.09.24"]
[WhiteTeam "United States of America"]
[BlackTeam "Luxembourg"]
[BlackTeamCountry "LUX"]

1. c4 Nf6 2. Nf3 g6 3. Nc3 d5 4. cxd5 Nxd5 5. Qa4+ c6 6. Nxd5 Qxd5 7. e4 Qd8 8.
d4 Bg7 9. Be3 Nd7 10. Be2 O-O 11. O-O e5 12. Rfd1 Qe7 13. d5 cxd5 14. Rxd5 Qe6
15. Qb4 Nb8 16. Bc5 Re8 17. Rd6 Qg4 18. h3 Qh5 19. Qd2 Bf8 20. Rd8 Rxd8 21.
Qxd8 Nd7 22. Bxf8 Nxf8 23. Rc1 1-0

[Event "43. Olimpiada Batumi 2018 Femenina"]
[Site "Batumi GEO"]
[Date "2018.09.25"]
[Round "2.1"]
[White "Efroimski, Marsel"]
[Black "Mona, Khaled"]
[Result "0-1"]
[WhiteElo "2313"]
[BlackElo "2157"]
[PlyCount "76"]
[EventDate "2018.09.24"]
[EventType "team-swiss"]
[EventRounds "11"]
[EventCountry "GEO"]
[SourceTitle "Ajedrez en Madrid"]
[Source "lmi"]
[SourceDate "2018.09.24"]
[WhiteTeam "Israel"]
[BlackTeam "Egypt"]
[WhiteTeamCountry "ISR"]
[BlackTeamCountry "EGY"]

1. e4 e5 2. Nf3 Nc6 3. Bb5 a6 4. Bxc6 dxc6 5. O-O f6 6. d4 exd4 7. Nxd4 c5 8.
Ne2 Qxd1 9. Rxd1 Bd7 10. Nbc3 O-O-O 11. Be3 Bd6 12. a4 a5 13. Nd5 Bc6 14. Nef4
Re8 15. f3 f5 16. Bd2 fxe4 17. Bxa5 exf3 18. gxf3 Nf6 19. c4 Nxd5 20. Nxd5 Re2
21. Rd2 Bxh2+ 22. Kf1 Rxd2 23. Bxd2 Bxd5 24. cxd5 Rd8 25. Bc3 Rxd5 26. Re1 g6
27. Re7 h5 28. a5 b5 29. a6 Kb8 30. Rf7 b4 31. Be1 g5 32. Bf2 Ka7 33. Rf6 Bd6
34. Rg6 h4 35. Be3 h3 36. Bxg5 h2 37. Kg2 Rd1 38. Rxd6 h1=Q+ 0-1

[Event "43. Olimpiada Batumi 2018 Femenina"]
[Site "Batumi GEO"]
[Date "2018.09.25"]
[Round "2.2"]
[White "Wafa, Shrook"]
[Black "Klinova, Masha"]
[Result "0-1"]
[WhiteElo "2136"]
[BlackElo "2288"]
[PlyCount "74"]
[EventDate "2018.09.24"]
[EventType "team-swiss"]
[EventRounds "11"]
[EventCountry "GEO"]
[SourceTitle "Ajedrez en Madrid"]
[Source "lmi"]
[SourceDate "2018.09.24"]
[WhiteTeam "Egypt"]
[BlackTeam "Israel"]
[WhiteTeamCountry "EGY"]
[BlackTeamCountry "ISR"]

1. e4 d6 2. d4 Nf6 3. Nc3 g6 4. f4 Bg7 5. Nf3 O-O 6. Bd3 Na6 7. O-O c5 8. d5
Rb8 9. h3 Nc7 10. a4 a6 11. a5 b5 12. axb6 Rxb6 13. Bc4 Nb5 14. e5 Nxc3 15.
bxc3 Ne8 16. Be3 Nc7 17. Qd3 Bf5 18. Qd2 Qa8 19. Rfd1 Rb2 20. Rac1 Bd7 21. Qf2
Bb5 22. Bxb5 axb5 23. Ra1 Ra2 24. Rxa2 Qxa2 25. Qd2 Rd8 26. exd6 exd6 27. f5
Qc4 28. Bg5 Bxc3 29. Qxc3 Qxc3 30. Bxd8 Qxc2 31. Rd2 Qb1+ 32. Kf2 Ne8 33. Re2
Qxf5 34. Rxe8+ Kg7 35. Be7 Qxd5 36. Rd8 Qa2+ 37. Ke3 Qe6+ 0-1

[Event "43. Olimpiada Batumi 2018 Femenina"]
[Site "Batumi GEO"]
[Date "2018.09.25"]
[Round "2.3"]
[White "Gutmakher, Olga"]
[Black "Wafa, Shahenda"]
[Result "1-0"]
[WhiteElo "2258"]
[BlackElo "2129"]
[PlyCount "157"]
[EventDate "2018.09.24"]
[EventType "team-swiss"]
[EventRounds "11"]
[EventCountry "GEO"]
[SourceTitle "Ajedrez en Madrid"]
[Source "lmi"]
[SourceDate "2018.09.24"]
[WhiteTeam "Israel"]
[BlackTeam "Egypt"]
[WhiteTeamCountry "ISR"]
[BlackTeamCountry "EGY"]

1. e4 c5 2. b3 Nc6 3. Bb2 e6 4. f4 d5 5. e5 Nh6 6. Nf3 Be7 7. Bb5 O-O 8. Bxc6
bxc6 9. O-O Ba6 10. Re1 Qb6 11. h3 Nf5 12. d3 c4+ 13. d4 c5 14. Nc3 cxd4 15.
Na4 Qc7 16. Nxd4 Bh4 17. Nxf5 Bxe1 18. Nd4 Bb4 19. Qf3 Rac8 20. c3 Be7 21. Re1
Rfe8 22. Bc1 Bf8 23. b4 Qd7 24. Nb2 Rb8 25. a3 Bb7 26. Nd1 Qd8 27. Nf2 a5 28.
Ng4 Qh4 29. Bd2 h5 30. Nf2 g6 31. g3 Qe7 32. g4 hxg4 33. hxg4 f5 34. exf6 Qxf6
35. g5 Qf7 36. Ng4 Bg7 37. Qh3 axb4 38. axb4 Ra8 39. Re2 Ra1+ 40. Kg2 Ra2 41.
Qe3 Bc8 42. Ne5 Bxe5 43. Qxe5 Qg7 44. Nf3 Qxe5 45. Nxe5 Kg7 46. Kf2 Rh8 47. Nf3
Bd7 48. Be3 Rha8 49. Bd4+ Kf8 50. Bc5+ Kg8 51. Ne5 Be8 52. Ng4 Rxe2+ 53. Kxe2
Ra2+ 54. Ke3 Ba4 55. Nh6+ Kg7 56. Bd6 Ra1 57. Kd4 Rb1 58. Kc5 Rb3 59. Ng4 Kf7
60. Be5 Ke7 61. Bf6+ Ke8 62. Kd6 Bd7 63. Bd4 Bc8 64. Ne5 Rb1 65. Nxg6 Rd1 66.
b5 Rb1 67. b6 Kd8 68. Nf8 Rf1 69. Bf6+ Ke8 70. Nxe6 Kf7 71. Nd8+ Ke8 72. b7
Bxb7 73. Nxb7 d4 74. Bxd4 Rxf4 75. Bf6 Rf5 76. Ke6 Rf4 77. Nd6+ Kf8 78. Kd5 Kg8
79. Nxc4 1-0

[Event "43. Olimpiada Batumi 2018 Femenina"]
[Site "Batumi GEO"]
[Date "2018.09.25"]
[Round "2.4"]
[White "Moaataz, Ayah"]
[Black "Lahav, Michal"]
[Result "1/2-1/2"]
[WhiteElo "2020"]
[BlackElo "2151"]
[PlyCount "63"]
[EventDate "2018.09.24"]
[EventType "team-swiss"]
[EventRounds "11"]
[EventCountry "GEO"]
[SourceTitle "Ajedrez en Madrid"]
[Source "lmi"]
[SourceDate "2018.09.24"]
[WhiteTeam "Egypt"]
[BlackTeam "Israel"]
[WhiteTeamCountry "EGY"]
[BlackTeamCountry "ISR"]

1. c4 e5 2. g3 Nf6 3. Bg2 c6 4. d4 Bb4+ 5. Bd2 Bxd2+ 6. Qxd2 d6 7. Nc3 O-O 8.
e3 Be6 9. b3 exd4 10. Qxd4 d5 11. cxd5 Nxd5 12. Nxd5 Bxd5 13. Bxd5 cxd5 14. Rd1
Nc6 15. Qd2 d4 16. Ne2 dxe3 17. Qxe3 Qf6 18. O-O Rfe8 19. Qd2 Ne5 20. Qf4 Qg6
21. Nd4 Rad8 22. Rfe1 Qh5 23. Kg2 f6 24. h3 Qf7 25. Nf3 Nc6 26. Rxe8+ Rxe8 27.
Qf5 Re7 28. Qc8+ Re8 29. Qf5 Re7 30. Qc8+ Re8 31. Qf5 Re7 32. Qc8+ 1/2-1/2

[Event "43. Olimpiada Batumi 2018 Femenina"]
[Site "Batumi GEO"]
[Date "2018.09.25"]
[Round "2.1"]
[White "Mendez Tovar, Yessica Yissel"]
[Black "Cornette, Deimante"]
[Result "0-1"]
[WhiteElo "2126"]
[BlackElo "2462"]
[PlyCount "74"]
[EventDate "2018.09.24"]
[EventType "team-swiss"]
[EventRounds "11"]
[EventCountry "GEO"]
[SourceTitle "Ajedrez en Madrid"]
[Source "lmi"]
[SourceDate "2018.09.24"]
[WhiteTeam "Mexico"]
[BlackTeam "Lithuania"]
[WhiteTeamCountry "MEX"]
[BlackTeamCountry "LTU"]

1. d4 d6 2. Bf4 Nd7 3. Nf3 Ngf6 4. e3 Nh5 5. Bg5 h6 6. Bh4 g5 7. Nfd2 Ndf6 8.
Be2 gxh4 9. Bxh5 Nxh5 10. Qxh5 Rg8 11. Nc3 c6 12. f3 Rxg2 13. O-O-O h3 14. Rdg1
Qd7 15. Nde4 Qe6 16. Rxg2 hxg2 17. Re1 d5 18. Nd2 Qxe3 19. Rxe3 g1=Q+ 20. Nd1
Qg5 21. Re5 Qxh5 22. Rxh5 Bg7 23. Nb3 Kf8 24. c3 Bf6 25. Nf2 Kg7 26. Ng4 Bg5+
27. Kd1 Kg6 28. Rh3 Bf4 29. Rh4 Kg5 30. Rh3 h5 31. Nf2 Bxh3 32. Nxh3+ Kf5 33.
Nc5 b6 34. Nxf4 Kxf4 35. Nd3+ Kxf3 36. Ne5+ Kg2 37. Nxc6 e6 0-1

[Event "43. Olimpiada Batumi 2018 Femenina"]
[Site "Batumi GEO"]
[Date "2018.09.25"]
[Round "2.2"]
[White "Zaksaite, Salomeja"]
[Black "Fuentes Godoy, Lilia Ivonne"]
[Result "1-0"]
[WhiteElo "2278"]
[BlackElo "2079"]
[PlyCount "49"]
[EventDate "2018.09.24"]
[EventType "team-swiss"]
[EventRounds "11"]
[EventCountry "GEO"]
[SourceTitle "Ajedrez en Madrid"]
[Source "lmi"]
[SourceDate "2018.09.24"]
[WhiteTeam "Lithuania"]
[BlackTeam "Mexico"]
[WhiteTeamCountry "LTU"]
[BlackTeamCountry "MEX"]

1. e4 c6 2. d4 d5 3. e5 Bf5 4. Nf3 e6 5. Nbd2 Nd7 6. Nb3 a6 7. Be3 Rc8 8. Be2
Ne7 9. O-O Bg6 10. Bg5 h6 11. Bd2 c5 12. c4 cxd4 13. Nbxd4 dxc4 14. Rc1 b5 15.
a4 Nxe5 16. axb5 Nxf3+ 17. Nxf3 axb5 18. b3 Bd3 19. bxc4 Bxc4 20. Ne5 Bxe2 21.
Qxe2 Qd5 22. Rfd1 Qb7 23. Bb4 Nc6 24. Bxf8 Nxe5 25. Qxb5+ 1-0